Walter Benjamin: obras

Salvato in:
Dettagli Bibliografici
Natura: Libro
Lingua:spagnolo
Pubblicazione: Madrid Abada Editores 2010
Edizione:3a. ed
Soggetti:
Tags: Aggiungi Tag
Nessun Tag, puoi essere il primo ad aggiungerne!!

MARC

LEADER 00000cam a2200000 a 4500
001 UCC3121
003 CL-VaPUC
008 180413e20100000sp |||||||||||||||||spa|d
020 |a 9788496258617o.c 
020 |a 9788496258594v.1 p.1 
020 |a 9788496775176v.1 p.2 
020 |a 9788496775770v.4 p.1 
020 |a 9788415289777v.5 p.1 
020 |a 9788416160273v.5 p.2 
020 |a 9788416160839v.6 
082 0 4 |a 701  |b WAL  |2 21 
245 1 0 |a Walter Benjamin: obras 
250 |a 3a. ed 
300 |a v 
942 |c BK 
945 |d 20180413 15:45:00  |a arojas 
260 |a Madrid  |b Abada Editores  |c 2010 
500 |a v.1 p.1: El concepto de críticas de arte en el romanticismo alemán, Las afinidades electivas de Goethe, El origen del Trauerspiel alemán 
500 |a v.1 p.2: La obra de arte en la época de su reproductibilidad técnica. Charles Baudelaire. Un lírico en la época del altocapitalismo. Sobre el concepto de historia 
500 |a v.4 p.1: Charles Baudelaire <Tableaux parisiens> Calle de dirección única. Alemanes. Infancia en Berlín hacia el mil novecientos. Imágenes que piensan. Sátiras, polémicas, glosas. Reportajes 
500 |a v.5 p.1: Obra de los pasaje -vol. 1- 
500 |a v.5 p.2: Obra de los paisajes -vol. 2- 
500 |a v. 6: Fragmentos del contenido misceláneo. Escritos autobiográficos 
650 0 |a Filosofía del arte  |9 264951 
650 0 |a Crítica de arte  |9 334590 
650 7 |a FILOSOFOS ALEMANES  |2 CL-VaPUC  |9 597190 
583 |a last modification  |c 20180413 15:45:00  |k Rodrigo Vera 
999 |c 370972  |d 370970 
952 |0 0  |1 0  |3 erd  |4 0  |6 701_000000000000000_WAL_2010  |7 0  |8 X  |9 487778  |a BIBEDU  |b BIBEDU  |h v.1 p.1  |i 5465850  |l 1  |o 701 WAL 2010  |p 5465850  |r 2023-08-29  |s 2023-08-29  |w 2019-11-24  |y BK_X  |z Catalogado en:20180413  |k FIL 
952 |0 0  |1 0  |3 erd  |4 0  |6 701_000000000000000_WAL_2010  |7 0  |8 X  |9 487779  |a BIBEDU  |b BIBEDU  |h v.1 p.1  |i 5465869  |o 701 WAL 2010  |p 5465869  |r 2023-01-13  |w 2019-11-24  |y BK_X  |z Catalogado en:20180413  |k FIL 
952 |0 0  |1 0  |3 erd  |4 0  |6 701_000000000000000_WAL_2010  |7 0  |8 X  |9 487780  |a BIBEDU  |b BIBEDU  |h v.1 p.2  |i 5465877  |o 701 WAL 2010  |p 5465877  |r 2023-01-13  |w 2019-11-24  |y BK_X  |z Catalogado en:20180413  |k FIL 
952 |0 0  |1 0  |3 erd  |4 0  |6 701_000000000000000_WAL_2010  |7 0  |8 X  |9 487781  |a BIBEDU  |b BIBEDU  |h v.4 p.1  |i 5465885  |o 701 WAL 2010  |p 5465885  |r 2023-01-13  |w 2019-11-24  |y BK_X  |z Catalogado en:20180413  |k FIL 
952 |0 0  |1 0  |3 erd  |4 0  |6 701_000000000000000_WAL_2010  |7 0  |8 X  |9 487782  |a BIBEDU  |b BIBEDU  |h v.5 p.1  |i 5465893  |o 701 WAL 2010  |p 5465893  |r 2023-01-13  |w 2019-11-24  |y BK_X  |z Catalogado en:20180413  |k FIL 
952 |0 0  |1 0  |3 erd  |4 0  |6 701_000000000000000_WAL_2010  |7 0  |8 X  |9 487783  |a BIBEDU  |b BIBEDU  |h v.5 p.2  |i 5465907  |o 701 WAL 2010  |p 5465907  |r 2023-01-13  |w 2019-11-24  |y BK_X  |z Catalogado en:20180413  |k FIL 
952 |0 0  |1 0  |3 erd  |4 0  |6 701_000000000000000_WAL_2010  |7 0  |8 X  |9 487784  |a BIBEDU  |b BIBEDU  |h v.6  |i 5465915  |o 701 WAL 2010  |p 5465915  |r 2023-01-13  |w 2019-11-24  |y BK_X  |z Catalogado en:20180413  |k FIL